[Event "EU-ch 23rd"]
[Site "Vrnjacka Banja"]
[Date "2023.03.11"]
[Round "9"]
[White "Modric, Milos"]
[Black "Nikolaidis, Konstantinos"]
[Result "1/2-1/2"]
[WhiteElo "2002"]
[BlackElo "2133"]
[PlyCount "34"]
[EventDate "2023.03.03"]
[EventType "swiss"]
[EventRounds "11"]
[EventCountry "SRB"]
[SourceTitle "CBM 213"]
[Source "ChessBase"]
[SourceDate "2023.04.30"]
[SourceVersion "1"]
[SourceVersionDate "2023.04.30"]
[SourceQuality "1"]

1. e4 c5 2. c3 Nf6 3. e5 Nd5 4. Nf3 d6 5. d4 cxd4 6. exd6 e6 7. Qxd4 a6 8. c4 Nb4 9. Qc3 Qxd6 10. Be3 Qc7 11. a3 N4c6 12. Nbd2 Nd7 13. Be2 Nf6 14. h3 Be7 15. 0-0 0-0 16. Rfd1 h6 17. b4 Bd7 1/2-1/2

[Event "EU-ch 23rd"]
[Site "Vrnjacka Banja"]
[Date "2023.03.08"]
[Round "6"]
[White "Nikolaidis, Konstantinos"]
[Black "Ciorgovean, Iustin"]
[Result "0-1"]
[WhiteElo "2133"]
[BlackElo "2325"]
[PlyCount "68"]
[EventDate "2023.03.03"]
[EventType "swiss"]
[EventRounds "11"]
[EventCountry "SRB"]
[SourceTitle "CBM 213"]
[Source "ChessBase"]
[SourceDate "2023.04.30"]
[SourceVersion "1"]
[SourceVersionDate "2023.04.30"]
[SourceQuality "1"]

1. e4 c5 2. Nf3 d6 3. Bb5+ Nd7 4. c3 Ngf6 5. Qe2 a6 6. Ba4 b5 7. Bc2 Bb7 8. 0-0 g6 9. d4 Bg7 10. a4 0-0 11. d5 Re8 12. Rd1 Qb6 13. axb5 axb5 14. Rxa8 Rxa8 15. Bf4 b4 16. c4 Nh5 17. Bc1 Ra2 18. Nbd2 Bc8 19. Nb3 Qc7 20. Bb1 Ra8 21. Ng5 Ne5 22. f4 Bg4 23. Nf3 Nxf3+ 24. gxf3 Bd7 25. f5 Ba4 26. Bc2 Bxb3 27. Bxb3 Be5 28. Kh1 Ra1 29. Rg1 Bf4 30. Be3 Qa7 31. Bd1 Qa2 32. Bxf4 Nxf4 33. Qd2 Nh3 34. Re1 Qxc4 0-1

[Event "Chalkida Evoiki op 5th"]
[Site "Chalkida"]
[Date "2023.01.07"]
[Round "5"]
[White "Papasimakopoulos, Alexandros"]
[Black "Nikolaidis, Konstantinos"]
[Result "1-0"]
[WhiteElo "2334"]
[BlackElo "2157"]
[PlyCount "95"]
[EventDate "2023.01.05"]
[EventType "swiss"]
[EventRounds "7"]
[EventCountry "GRE"]
[SourceTitle "CBM 212 Extra"]
[Source "ChessBase"]
[SourceDate "2023.03.31"]
[SourceVersion "1"]
[SourceVersionDate "2023.03.31"]
[SourceQuality "1"]

1. b3 e5 2. Bb2 Nc6 3. e3 Nf6 4. Bb5 Bd6 5. Na3 Na5 6. Be2 a6 7. c4 Qe7 8. Nc2 c5 9. d4 Nc6 10. d5 Nb8 11. f3 Bc7 12. Bc3 d6 13. g4 Bxg4 14. h4 Bh5 15. Nh3 Nbd7 16. a3 Bg6 17. Nf2 Nh5 18. Rh3 f5 19. f4 Ndf6 20. fxe5 dxe5 21. b4 b6 22. a4 f4 23. a5 Ng3 24. Bf3 e4 25. axb6 Bxb6 26. Bg4 Nxg4 27. Qxg4 Bf5 28. Qxf4 Bc7 29. Qg5 Qxg5 30. hxg5 Bxh3 31. Nxh3 cxb4 32. Nxb4 a5 33. Bxg7 Rg8 34. Bd4 Rf8 35. Nf2 Rf5 36. c5 Be5 37. Bxe5 Rxe5 38. Nh3 Rf5 39. Nf4 Rxg5 40. Ne6 Rb8 41. Na6 Rb2 42. Nxg5 Re2+ 43. Kd1 Rxe3 44. Rxa5 Rb3 45. Kc2 Re3 46. d6 Re2+ 47. Kc3 e3 48. c6 1-0

[Event "Thessaloniki op 1st"]
[Site "Thessaloniki"]
[Date "2022.08.09"]
[Round "8"]
[White "Nikolaidis, Konstantinos"]
[Black "Durak, Can"]
[Result "0-1"]
[WhiteElo "2181"]
[BlackElo "2180"]
[PlyCount "46"]
[EventDate "2022.08.03"]
[EventType "swiss"]
[EventRounds "9"]
[EventCountry "GRE"]
[SourceTitle "CBM 209 Extra"]
[Source "ChessBase"]
[SourceDate "2022.09.30"]
[SourceVersion "1"]
[SourceVersionDate "2022.09.30"]
[SourceQuality "1"]

1. e4 c5 2. Nf3 Nc6 3. d4 cxd4 4. Nxd4 g6 5. c4 Qb6 6. Nb5 Bg7 7. Be3 Qd8 8. N1c3 Nf6 9. Be2 0-0 10. 0-0 d6 11. f3 Be6 12. Qd2 a6 13. Nd4 Nxd4 14. Bxd4 Qa5 15. Rad1 Rfc8 16. b3 b5 17. Nd5 Qxd2 18. Rxd2 Bxd5 19. exd5 bxc4 20. Bxc4 Nd7 21. Be3 Ne5 22. Rc2 Nxc4 23. Rfc1 Bb2 0-1

[Event "GRE-chT Final 4 48th"]
[Site "Larisa"]
[Date "2021.11.06"]
[Round "1.2"]
[White "Nikolaidis, Konstantinos"]
[Black "Balokas, Dimitrios"]
[Result "0-1"]
[WhiteElo "2178"]
[BlackElo "2208"]
[PlyCount "73"]
[EventDate "2021.11.06"]
[EventType "team-k.o."]
[EventRounds "2"]
[EventCountry "GRE"]
[SourceTitle "CBM 205 Extra"]
[Source "ChessBase"]
[SourceDate "2022.01.31"]
[SourceVersion "1"]
[SourceVersionDate "2022.01.31"]
[SourceQuality "1"]
[WhiteTeam "Evoiki ES"]
[BlackTeam "Neapolis Sykeon"]
[WhiteTeamCountry "GRE"]
[BlackTeamCountry "GRE"]

1. e4 c5 2. Nf3 Nc6 3. d4 cxd4 4. Nxd4 Qb6 5. Nb3 Nf6 6. Nc3 a6 7. f4 e6 8. e5 Ng8 9. Qf3 Bb4 10. Bd2 Nge7 11. Ne4 Bxd2+ 12. Nexd2 0-0 13. Ne4 Nf5 14. 0-0-0 a5 15. g4 Qe3+ 16. Qxe3 Nxe3 17. Rd3 Nxf1 18. Rxf1 Nb4 19. Rd2 Nxa2+ 20. Kb1 Nb4 21. Nbc5 Nd5 22. Rf3 b6 23. Na4 Bb7 24. Rb3 Bc6 25. Nac3 a4 26. Ra3 Nxf4 27. Nd6 Ng6 28. Re2 f6 29. exf6 Rxf6 30. Nce4 Rf1+ 31. Ka2 b5 32. b3 b4 33. Rxa4 Bxa4 34. bxa4 Nf4 35. Rd2 Nd5 36. Kb3 Ra1 37. Nc5 0-1

[Event "GRE-chT 48th"]
[Site "Athens"]
[Date "2021.09.08"]
[Round "2.1"]
[White "Dimopoulos, Dimitrios1111"]
[Black "Nikolaidis, Konstantinos"]
[Result "1-0"]
[WhiteElo "1621"]
[BlackElo "2199"]
[PlyCount "95"]
[EventDate "2021.09.07"]
[EventType "team-swiss"]
[EventRounds "7"]
[EventCountry "GRE"]
[SourceTitle "CBM 204 Extra"]
[Source "ChessBase"]
[SourceDate "2021.11.30"]
[SourceVersion "1"]
[SourceVersionDate "2021.11.30"]
[SourceQuality "1"]
[WhiteTeam "Ames Neas Erythreas"]
[BlackTeam "Evoiki ES"]
[WhiteTeamCountry "GRE"]
[BlackTeamCountry "GRE"]

1. Nf3 d5 2. g3 c5 3. Bg2 Nf6 4. 0-0 g6 5. d3 Bg7 6. Nbd2 0-0 7. e4 Nc6 8. c3 e5 9. a4 b6 10. Re1 d4 11. Nc4 Ne8 12. Qc2 Qd7 13. Bd2 dxc3 14. bxc3 Ba6 15. Rad1 Nc7 16. Bc1 Rad8 17. Bf1 h6 18. Nh4 Qe7 19. Ng2 Kh7 20. Nge3 Qe6 21. Bg2 Ne7 22. Kh1 f5 23. exf5 gxf5 24. f4 e4 25. Nb2 Ned5 26. Nxd5 Nxd5 27. dxe4 Nxc3 28. exf5 Qf6 29. Rxd8 Rxd8 30. Re6 Qf7 31. f6+ Kg8 32. fxg7 Qxe6 33. Qxc3 Qe2 34. h3 Qf2 35. Be3 Qxg3 36. Qf6 Qe1+ 37. Kh2 Qxe3 38. Qxd8+ Kxg7 39. Qd7+ Kf6 40. Qd6+ Kf5 41. Qf8+ Kg6 42. Nd1 Qd2 43. Qe8+ Kg7 44. Ne3 Qf2 45. Nf5+ Kf6 46. Qe5+ Kf7 47. Qe7+ Kg6 48. Qe6+ 1-0

[Event "Wch Seniors 50 29th"]
[Site "Bucharest"]
[Date "2019.11.22"]
[Round "10"]
[White "Vareille, Francois"]
[Black "Nikolaidis, Konstantinos"]
[Result "1/2-1/2"]
[WhiteElo "2417"]
[BlackElo "2179"]
[PlyCount "53"]
[EventDate "2019.11.12"]
[EventType "swiss"]
[EventRounds "11"]
[EventCountry "ROU"]
[SourceTitle "CBM 193 Extra"]
[Source "ChessBase"]
[SourceDate "2020.01.31"]
[SourceVersion "1"]
[SourceVersionDate "2020.01.31"]
[SourceQuality "1"]

1. d4 Nf6 2. c4 g6 3. g3 Bg7 4. Bg2 0-0 5. Nc3 d6 6. Nf3 Nc6 7. 0-0 e5 8. h3 a6 9. Be3 h6 10. dxe5 dxe5 11. Qc1 Be6 12. Bxh6 Qc8 13. Qg5 Bxh3 14. Bxg7 Kxg7 15. Nxe5 Rh8 16. Nxc6 Bxg2 17. Kxg2 Qh3+ 18. Kf3 Rh5 19. Rh1 Qxh1+ 20. Rxh1 Rxg5 21. Nb4 Rf5+ 22. Kg2 Ng4 23. Rh4 Nf6 24. Nd3 Rd8 25. c5 b6 26. Ra4 a5 27. g4 1/2-1/2

[Event "Wch Seniors 50 29th"]
[Site "Bucharest"]
[Date "2019.11.15"]
[Round "4"]
[White "Godena, Michele"]
[Black "Nikolaidis, Konstantinos"]
[Result "1-0"]
[WhiteElo "2449"]
[BlackElo "2179"]
[PlyCount "53"]
[EventDate "2019.11.12"]
[EventType "swiss"]
[EventRounds "11"]
[EventCountry "ROU"]
[SourceTitle "CBM 193 Extra"]
[Source "ChessBase"]
[SourceDate "2020.01.31"]
[SourceVersion "1"]
[SourceVersionDate "2020.01.31"]
[SourceQuality "1"]

1. e4 c6 2. d3 d5 3. Nd2 e5 4. Ngf3 Bd6 5. d4 exd4 6. Bd3 c5 7. 0-0 Ne7 8. exd5 Nxd5 9. Re1+ Be7 10. Ng5 g6 11. Qf3 0-0 12. Rxe7 Nxe7 13. Nde4 Nd7 14. Nxh7 Kxh7 15. Qh3+ Kg8 16. Bg5 f6 17. Bc4+ Rf7 18. Bxf6 Nxf6 19. Nxf6+ Kg7 20. Qh7+ Kxf6 21. Qxf7+ Ke5 22. Re1+ Kd6 23. Qf6+ Kd7 24. Re6 Nf5 25. Qf7+ Ne7 26. Bb5+ Kc7 27. Qf4+ 1-0

[Event "Kavala op 28th"]
[Site "Kavala"]
[Date "2019.08.10"]
[Round "8"]
[White "Ergazakis, Ioannis"]
[Black "Nikolaidis, Konstantinos"]
[Result "1-0"]
[WhiteElo "2270"]
[BlackElo "2168"]
[PlyCount "79"]
[EventDate "2019.08.04"]
[EventType "swiss"]
[EventRounds "9"]
[EventCountry "GRE"]
[SourceTitle "CBM 191 Extra"]
[Source "ChessBase"]
[SourceDate "2019.09.30"]
[SourceVersion "1"]
[SourceVersionDate "2019.09.30"]
[SourceQuality "1"]

1. e4 c5 2. Nf3 d6 3. Bb5+ Bd7 4. Bxd7+ Nxd7 5. 0-0 Ngf6 6. Re1 Rc8 7. c3 e6 8. d4 cxd4 9. cxd4 d5 10. e5 Ne4 11. Nbd2 Nxd2 12. Bxd2 a6 13. Qb3 b5 14. a4 b4 15. Rac1 Be7 16. Qd3 Nb8 17. Bg5 h6 18. Rxc8 Qxc8 19. Rc1 Qd7 20. Bxe7 Kxe7 21. Qc2 Qa7 22. Nd2 Nd7 23. Qc6 Qb6 24. Qxb6 Nxb6 25. Rc7+ Kd8 26. Rb7 Nd7 27. Nb3 Kc8 28. Ra7 Rd8 29. Na5 f6 30. f4 g5 31. Rxa6 gxf4 32. Rc6+ Kb8 33. Rxe6 Rf8 34. Re7 Kc8 35. e6 Nb8 36. Nb7 Nc6 37. Nd6+ Kb8 38. Rb7+ Ka8 39. e7 Rg8 40. Rc7 1-0

[Event "GRE-chT 47th"]
[Site "Patras"]
[Date "2019.07.02"]
[Round "1.5"]
[White "Nikolaidis, Konstantinos"]
[Black "Martinovic, Sasa"]
[Result "1/2-1/2"]
[WhiteElo "2147"]
[BlackElo "2560"]
[PlyCount "65"]
[EventDate "2019.07.02"]
[EventType "team-swiss"]
[EventRounds "7"]
[EventCountry "GRE"]
[SourceTitle "CBM 191 Extra"]
[Source "ChessBase"]
[SourceDate "2019.09.30"]
[SourceVersion "1"]
[SourceVersionDate "2019.09.30"]
[SourceQuality "1"]
[WhiteTeam "Evoiki ES"]
[BlackTeam "Chania OA"]
[WhiteTeamCountry "GRE"]
[BlackTeamCountry "GRE"]

1. d4 Nf6 2. c4 g6 3. Nc3 Bg7 4. e4 d6 5. Be2 0-0 6. Be3 e5 7. d5 Na6 8. g4 Nc5 9. f3 h5 10. g5 Nh7 11. h4 f6 12. gxf6 Bxf6 13. Bf2 Be7 14. Kd2 Rf4 15. Qe1 a5 16. Kc2 Nf8 17. Rd1 a4 18. Rd2 Kh7 19. Bd1 Nfd7 20. Nh3 Rf7 21. Be3 Nb6 22. Ng5+ Bxg5 23. Bxg5 Qf8 24. Qf1 c6 25. Rg2 cxd5 26. cxd5 Bd7 27. Kb1 Rc8 28. Bd2 Be8 29. Rhg1 Rf6 30. Bg5 Rf7 31. Bd2 Rf6 32. Bg5 Rf7 33. Bd2 1/2-1/2

[Event "Gibraltar Masters 17th"]
[Site "Caleta"]
[Date "2019.01.29"]
[Round "8"]
[White "Nikolaidis, Konstantinos"]
[Black "De Haan, Eric"]
[Result "0-1"]
[WhiteElo "2167"]
[BlackElo "2337"]
[PlyCount "66"]
[EventDate "2019.01.22"]
[EventType "swiss"]
[EventRounds "10"]
[EventCountry "GGB"]
[SourceTitle "CBM 188 Extra"]
[Source "ChessBase"]
[SourceDate "2019.02.26"]
[SourceVersion "1"]
[SourceVersionDate "2019.02.26"]
[SourceQuality "1"]

1. e4 c5 2. Nf3 e6 3. d4 cxd4 4. Nxd4 Nc6 5. Nc3 Qc7 6. Be3 a6 7. Qf3 Nf6 8. 0-0-0 Ne5 9. Qg3 b5 10. f3 b4 11. Na4 d6 12. Nb3 Rb8 13. Qf2 Bd7 14. Nb6 Bb5 15. h3 Be7 16. g4 0-0 17. g5 Nfd7 18. Nxd7 Nxd7 19. Kb1 Bxf1 20. Rdxf1 a5 21. h4 a4 22. Nd4 Ne5 23. Bc1 Rfc8 24. h5 Nc4 25. Ka1 d5 26. g6 Bf6 27. gxf7+ Qxf7 28. exd5 exd5 29. Rd1 Qa7 30. Rh2 b3 31. cxb3 axb3 32. Nxb3 Qa4 33. Qe2 Ra8 0-1

[Event "Gibraltar Challengers op-B"]
[Site "Caleta"]
[Date "2019.01.28"]
[Round "3"]
[White "Nikolaidis, Konstantinos"]
[Black "Cramling Bellon, Anna"]
[Result "1/2-1/2"]
[WhiteElo "2167"]
[BlackElo "2025"]
[PlyCount "86"]
[EventDate "2019.01.26"]
[EventType "swiss"]
[EventRounds "5"]
[EventCountry "GGB"]
[SourceTitle "CBM 188 Extra"]
[Source "ChessBase"]
[SourceDate "2019.02.26"]
[SourceVersion "1"]
[SourceVersionDate "2019.02.26"]
[SourceQuality "1"]

1. e4 c5 2. Nf3 e6 3. d4 cxd4 4. Nxd4 Nf6 5. Nc3 Nc6 6. Ndb5 d6 7. Bf4 e5 8. Bg5 a6 9. Na3 b5 10. Bxf6 gxf6 11. Nd5 f5 12. c3 Bg7 13. exf5 Bxf5 14. Nc2 Be6 15. g3 0-0 16. Bg2 Rc8 17. 0-0 f5 18. a4 e4 19. axb5 axb5 20. Ra6 Kh8 21. f4 Nb8 22. Ra3 Nd7 23. Nce3 Nc5 24. Qe2 Nd3 25. g4 Bxd5 26. Nxd5 b4 27. cxb4 Nxb4 28. Nxb4 Qb6+ 29. Kh1 Qxb4 30. gxf5 d5 31. Ra7 Qxb2 32. Qxb2 Bxb2 33. Ra5 Rcd8 34. Rd1 e3 35. Raxd5 Rxd5 36. Bxd5 Rxf5 37. Bf3 Rxf4 38. Kg2 Bc3 39. Rd8+ Kg7 40. Rd7+ Kh6 41. Rd6+ Kg5 42. Rd5+ Kh6 43. Kh1 Rf8 1/2-1/2

[Event "Gibraltar Masters 17th"]
[Site "Caleta"]
[Date "2019.01.28"]
[Round "7"]
[White "Tate, Alan"]
[Black "Nikolaidis, Konstantinos"]
[Result "1/2-1/2"]
[WhiteElo "2335"]
[BlackElo "2167"]
[PlyCount "65"]
[EventDate "2019.01.22"]
[EventType "swiss"]
[EventRounds "10"]
[EventCountry "GGB"]
[SourceTitle "CBM 188 Extra"]
[Source "ChessBase"]
[SourceDate "2019.02.26"]
[SourceVersion "1"]
[SourceVersionDate "2019.02.26"]
[SourceQuality "1"]

1. Nf3 Nf6 2. g3 e6 3. Bg2 d5 4. 0-0 Be7 5. c4 0-0 6. d4 dxc4 7. Qc2 a6 8. a4 Bd7 9. Qxc4 Bc6 10. Bg5 Bd5 11. Qc2 Be4 12. Qc1 h6 13. Bxf6 Bxf6 14. Nbd2 Bxf3 15. Nxf3 a5 16. Rd1 c6 17. h4 Na6 18. e4 Nb4 19. e5 Be7 20. Qf4 Ra6 21. Nh2 Nd5 22. Qg4 Rb6 23. Rd2 Qd7 24. Qh5 Rd8 25. Ng4 Bf8 26. Ne3 Rb4 27. Qe2 Nb6 28. Rad1 Rxa4 29. Be4 Bb4 30. Rd3 Bf8 31. R3d2 Bb4 32. Rd3 Bf8 33. R3d2 1/2-1/2

[Event "Gibraltar Masters 17th"]
[Site "Caleta"]
[Date "2019.01.25"]
[Round "4"]
[White "Nikolaidis, Konstantinos"]
[Black "Hoolt, Sarah"]
[Result "0-1"]
[WhiteElo "2167"]
[BlackElo "2358"]
[PlyCount "94"]
[EventDate "2019.01.22"]
[EventType "swiss"]
[EventRounds "10"]
[EventCountry "GGB"]
[SourceTitle "CBM 188 Extra"]
[Source "ChessBase"]
[SourceDate "2019.02.26"]
[SourceVersion "1"]
[SourceVersionDate "2019.02.26"]
[SourceQuality "1"]

1. e4 d6 2. d4 Nf6 3. Nc3 e5 4. Nge2 Nbd7 5. h3 c6 6. g4 b5 7. a3 Bb7 8. Bg2 Nb6 9. 0-0 Be7 10. Ng3 g6 11. Bh6 Nfd7 12. dxe5 dxe5 13. Qc1 Qc7 14. a4 b4 15. Nb1 Nc5 16. b3 Ba6 17. Rd1 Ne6 18. Bf1 Bxf1 19. Rxf1 Nf4 20. Kh2 Bf8 21. Bxf8 Kxf8 22. Qe3 h5 23. g5 Qe7 24. Ne2 Nxe2 25. Qxe2 Qxg5 26. a5 Nd7 27. Qc4 Qf4+ 28. Kg2 c5 29. Rd1 Rd8 30. Rd3 Kg7 31. Nd2 Nf6 32. Re1 Rd4 33. Rxd4 cxd4 34. Nf3 Re8 35. Qc6 Re6 36. Qb7 a6 37. Re2 Ng4 38. Ng1 Nf6 39. f3 h4 40. Qxb4 Nh5 41. Qe1 Rc6 42. Qd2 Rc3 43. Rf2 Qg3+ 44. Kf1 Nf4 45. Rh2 Qg5 46. Qc1 Qd8 47. Qa1 Qc8 0-1

[Event "GRE-chT 46th"]
[Site "Rio Achaia"]
[Date "2018.07.10"]
[Round "1.9"]
[White "Nikolaidis, Konstantinos"]
[Black "Shoker, Samy"]
[Result "0-1"]
[WhiteElo "2182"]
[BlackElo "2482"]
[PlyCount "108"]
[EventDate "2018.07.10"]
[EventType "team"]
[EventRounds "7"]
[EventCountry "GRE"]
[SourceTitle "CBM 185 Extra"]
[Source "ChessBase"]
[SourceDate "2018.07.29"]
[SourceVersion "1"]
[SourceVersionDate "2018.07.29"]
[SourceQuality "1"]
[WhiteTeam "Evoiki EV"]
[BlackTeam "Heraklion Attica"]
[WhiteTeamCountry "GRE"]
[BlackTeamCountry "GRE"]

1. d4 g6 2. Nf3 Bg7 3. g3 Nf6 4. Bg2 0-0 5. 0-0 d6 6. c4 Nbd7 7. Nc3 e5 8. e4 exd4 9. Nxd4 Re8 10. h3 a6 11. Qc2 Rb8 12. Rd1 Qe7 13. Bf4 Nc5 14. Rd2 h6 15. Nd5 Nxd5 16. exd5 Bd7 17. Rad1 Qf6 18. Re2 Rxe2 19. Qxe2 Re8 20. Qc2 Qe7 21. b3 Qf8 22. Bc1 Re7 23. Bb2 Qe8 24. Bc3 Ne4 25. Bb2 Ng5 26. Kh2 h5 27. Nf3 Nxf3+ 28. Bxf3 Bxb2 29. Qxb2 Re5 30. Qd4 Qe7 31. Rd3 Bf5 32. Rc3 Be4 33. Bxe4 Rxe4 34. Re3 Rxe3 35. fxe3 a5 36. a3 Qd7 37. Qf6 Qe8 38. Qd4 b6 39. Kg2 Qe7 40. Kf2 Qd7 41. Kg2 Qf5 42. e4 Qg5 43. h4 Qc1 44. e5 Qc2+ 45. Kh1 Qxb3 46. e6 Qf3+ 47. Kh2 fxe6 48. dxe6 Qe2+ 49. Kg1 Qxe6 50. Kh2 Qe2+ 51. Kg1 Qe5 52. Qd3 Kg7 53. Kg2 c6 54. Kh2 g5 0-1

[Event "Athens Iraklion op 21st"]
[Site "Athens"]
[Date "2018.06.18"]
[Round "3"]
[White "Nikolaidis, Konstantinos"]
[Black "Lekic, Dusan"]
[Result "1/2-1/2"]
[WhiteElo "2175"]
[BlackElo "2368"]
[PlyCount "49"]
[EventDate "2018.06.16"]
[EventType "swiss"]
[EventRounds "9"]
[EventCountry "GRE"]
[SourceTitle "CBM 185 Extra"]
[Source "ChessBase"]
[SourceDate "2018.07.29"]
[SourceVersion "1"]
[SourceVersionDate "2018.07.29"]
[SourceQuality "1"]

1. d4 d5 2. c4 c6 3. Nf3 Nf6 4. e3 Bf5 5. Nc3 e6 6. Nh4 Be4 7. f3 Bg6 8. Qb3 Qc7 9. Bd2 Be7 10. Nxg6 hxg6 11. g3 Nbd7 12. Rc1 Nb6 13. cxd5 exd5 14. Be2 a5 15. a3 a4 16. Qc2 Bd6 17. f4 Qd7 18. Nd1 g5 19. Nf2 gxf4 20. exf4 Kf8 21. Nd1 Ne4 22. Nf2 Ke8 23. 0-0 Qe7 24. Nxe4 dxe4 25. Bg4 1/2-1/2

[Event "EU-ch 19th"]
[Site "Batumi"]
[Date "2018.03.27"]
[Round "10"]
[White "Belous, Mikhail"]
[Black "Nikolaidis, Konstantinos"]
[Result "1-0"]
[WhiteElo "2355"]
[BlackElo "2184"]
[PlyCount "87"]
[EventDate "2018.03.17"]
[EventType "swiss"]
[EventRounds "11"]
[EventCountry "GEO"]
[SourceTitle "CBM 184"]
[Source "ChessBase"]
[SourceDate "2018.05.16"]
[SourceVersion "1"]
[SourceVersionDate "2018.05.16"]
[SourceQuality "1"]

1. d4 Nf6 2. c4 g6 3. f3 Bg7 4. e4 d6 5. Nc3 0-0 6. Be3 b6 7. Nge2 c5 8. d5 e6 9. Ng3 exd5 10. cxd5 a6 11. a4 Nbd7 12. Be2 h5 13. 0-0 Nh7 14. Qd2 h4 15. Nh1 f5 16. exf5 gxf5 17. Nf2 Ne5 18. Nh3 Ng6 19. Rfe1 Ra7 20. Bd3 Re7 21. Bf2 Ref7 22. Ne2 Be5 23. Nef4 Nxf4 24. Nxf4 Qf6 25. Rab1 Kh8 26. Ne6 Bxe6 27. dxe6 Rg7 28. f4 Qh6 29. Be3 Bd4 30. Bxd4 cxd4 31. Bxa6 Nf6 32. e7 Rfg8 33. Bb5 Rxg2+ 34. Qxg2 Rxg2+ 35. Kxg2 Qxf4 36. e8Q+ Nxe8 37. Rxe8+ Kh7 38. Rf1 h3+ 39. Kh1 Qg4 40. Re2 f4 41. Bd3+ Kh6 42. Ref2 d5 43. Rg1 Qh4 44. Rf3 1-0

[Event "EU-ch 19th"]
[Site "Batumi"]
[Date "2018.03.22"]
[Round "6"]
[White "Gharibyan, Mamikon"]
[Black "Nikolaidis, Konstantinos"]
[Result "0-1"]
[WhiteElo "2312"]
[BlackElo "2184"]
[PlyCount "104"]
[EventDate "2018.03.17"]
[EventType "swiss"]
[EventRounds "11"]
[EventCountry "GEO"]
[SourceTitle "CBM 184"]
[Source "ChessBase"]
[SourceDate "2018.05.16"]
[SourceVersion "1"]
[SourceVersionDate "2018.05.16"]
[SourceQuality "1"]

1. d4 Nf6 2. c4 g6 3. Nc3 Bg7 4. e4 d6 5. Nf3 0-0 6. h3 e5 7. d5 Nh5 8. g3 Na6 9. Nh2 Qe8 10. Qc2 f5 11. Bg2 Nc5 12. Be3 b6 13. Bxc5 bxc5 14. 0-0-0 Bd7 15. Kb1 Rb8 16. Nf3 Rb4 17. Nd2 Bh6 18. a3 Rb6 19. Rhe1 Qc8 20. Ka2 Qb7 21. Rb1 Rb8 22. Bf1 Nf6 23. Bd3 Bxd2 24. Qxd2 fxe4 25. Bf1 a6 26. Re3 Rb3 27. Qc2 Kg7 28. g4 Qb6 29. Bg2 Be8 30. Rg3 Bd7 31. Bf1 Be8 32. h4 Bd7 33. Be2 Qb7 34. Qd2 e3 35. Rxe3 Bxg4 36. Bxg4 Nxg4 37. Re4 Nh6 38. f4 Nf7 39. h5 Qc8 40. h6+ Kg8 41. fxe5 dxe5 42. Re2 Qh3 43. Ne4 Nd6 44. Nf6+ Kh8 45. Qc2 Re3 46. Rbe1 Reb3 47. Qc1 e4 48. Re3 Rxb2+ 49. Qxb2 Rxb2+ 50. Kxb2 Nxc4+ 51. Ka2 Nxe3 52. Rb1 Qxh6 0-1